|
|
|
|
| LEADER |
02845nam a22003257a 4500 |
| 020 |
|
|
|a
|
| 082 |
|
|
|a 039.914
|b GEO/S L2
|
| 100 |
|
|
|a കെ എം ജോര്ജ്ജ്
|9 280019
|
| 100 |
|
|
|a M K George
|9 280020
|
| 240 |
|
|
|a Sarvavijnanakosam
|
| 245 |
|
|
|a സര്വ്വ വിജ്ഞാനകോശം
|
| 250 |
|
|
|a 1st
|
| 260 |
|
|
|a Trivandrum;
|b Malayalam Encyclopedia Department;
|c 1972
|
| 300 |
|
|
|a 835p.
|
| 650 |
|
|
|a മലയാളം; സര്വ്വവിജ്ഞാനകോശം
|9 280021
|
| 650 |
|
|
|a Malayalam;Encyclopedia
|9 280022
|
| 942 |
|
|
|c BK
|
| 999 |
|
|
|c 55291
|d 55291
|
| 952 |
|
|
|0 0
|1 0
|4 0
|6 039_914000000000000_GEO_S_L2_VOL1
|7 0
|8 Encycloped
|9 65915
|a MAL
|b MAL
|d 2016-06-21
|e 17601
|g 60.00
|l 0
|o 039.914 GEO/S L2 Vol-1
|p MAL017601
|r 2016-06-21
|t 1
|w 2016-06-21
|y BK
|
| 952 |
|
|
|0 0
|1 0
|4 0
|6 039_914000000000000_GEO_S_L2_VOL2
|7 0
|8 Encycloped
|9 65916
|a MAL
|b MAL
|d 2016-06-21
|e 18624
|g 60.00
|l 0
|o 039.914 GEO/S L2 Vol-2
|p MAL018624
|r 2016-06-21
|t 1
|w 2016-06-21
|y BK
|
| 952 |
|
|
|0 0
|1 0
|4 0
|6 039_914000000000000_GEO_S_L2_VOL3
|7 0
|8 Encycloped
|9 65917
|a MAL
|b MAL
|d 2016-06-21
|e 27454
|g 60.00
|l 0
|o 039.914 GEO/S L2 Vol-3
|p MAL027454
|r 2016-06-21
|t 1
|w 2016-06-21
|y BK
|
| 952 |
|
|
|0 0
|1 0
|4 0
|6 039_914000000000000_GEO_S_L2_VOL4
|7 0
|8 Encycloped
|9 65918
|a MAL
|b MAL
|d 2016-06-21
|e 18623
|g 60.00
|l 0
|o 039.914 GEO/S L2 Vol-4
|p MAL018623
|r 2016-06-21
|t 1
|w 2016-06-21
|y BK
|
| 952 |
|
|
|0 0
|1 0
|4 0
|6 039_914000000000000_GEO_S_L2_VOL5
|7 0
|8 Encycloped
|9 65919
|a MAL
|b MAL
|d 2016-06-21
|e 27458
|g 60.00
|l 0
|o 039.914 GEO/S L2 Vol-5
|p MAL027458
|r 2016-06-21
|t 1
|w 2016-06-21
|y BK
|
| 952 |
|
|
|0 0
|1 0
|4 0
|6 039_914000000000000_GEO_S_L2_VOL6
|7 0
|8 Encycloped
|9 65920
|a MAL
|b MAL
|d 2016-06-21
|e 35130
|g 60.00
|l 0
|o 039.914 GEO/S L2 Vol-6
|p MAL035130
|r 2016-06-21
|t 1
|w 2016-06-21
|y BK
|
| 952 |
|
|
|0 0
|1 0
|4 0
|6 039_914000000000000_GEO_S_L2_VOL7
|7 0
|8 Encycloped
|9 65921
|a MAL
|b MAL
|d 2016-06-21
|e 35131
|g 60.00
|l 0
|o 039.914 GEO/S L2 Vol-7
|p MAL035131
|r 2016-06-21
|t 1
|w 2016-06-21
|y BK
|
| 952 |
|
|
|0 0
|1 0
|4 0
|6 039_914000000000000_GEO_S_L2_VOL8
|7 0
|8 Encycloped
|9 65922
|a MAL
|b MAL
|d 2016-06-21
|e 35132
|g 60.00
|l 0
|o 039.914 GEO/S L2 Vol-8
|p MAL035132
|r 2016-06-21
|t 1
|w 2016-06-21
|y BK
|
| 952 |
|
|
|0 0
|1 0
|4 0
|6 039_914000000000000_GEO_S_L2_VOL9
|7 0
|8 Encycloped
|9 65923
|a MAL
|b MAL
|d 2016-06-21
|e 36248
|g 60.00
|l 0
|o 039.914 GEO/S L2 Vol-9
|p MAL036248
|r 2016-06-21
|t 1
|w 2016-06-21
|y BK
|
| 952 |
|
|
|0 0
|1 0
|4 0
|6 039_914000000000000_GEO_S_L2_VOL10
|7 0
|8 Encycloped
|9 65924
|a MAL
|b MAL
|d 2016-06-21
|e 27457
|g 60.00
|l 0
|o 039.914 GEO/S L2 Vol-10
|p MAL027457
|r 2016-06-21
|t 1
|w 2016-06-21
|y BK
|
| 952 |
|
|
|0 0
|1 0
|4 0
|6 039_914000000000000_GEO_S_L2_VOL11
|7 0
|8 Encycloped
|9 65925
|a MAL
|b MAL
|d 2016-06-21
|e 27456
|g 60.00
|l 0
|o 039.914 GEO/S L2 Vol-11
|p MAL027456
|r 2016-06-21
|t 1
|w 2016-06-21
|y BK
|
| 952 |
|
|
|0 0
|1 0
|4 0
|6 039_914000000000000_GEO_S_L2_VOL12
|7 0
|8 Encycloped
|9 65926
|a MAL
|b MAL
|d 2016-06-21
|e 27455
|g 60.00
|l 0
|o 039.914 GEO/S L2 Vol-12
|p MAL027455
|r 2016-06-21
|t 1
|w 2016-06-21
|y BK
|